Cambio de piel

Gespeichert in:
Bibliographische Detailangaben
1. Verfasser: Fuentes, Carlos (VerfasserIn)
Format: Buch
Sprache:Spanisch
Veröffentlicht: Buenos Aires Sudamericana 1967
Ausgabe:3a. ed
Schriftenreihe:Biblioteca Breve
Schlagworte:
Tags: Tag hinzufügen
Keine Tags, Fügen Sie den ersten Tag hinzu!

MARC

LEADER 00000nam a2200000 a 4500
001 UCG4280
003 CL-VaPUC
008 101021e19670000AG |||||||||||||||||spa|d
082 0 4 |a Me863  |b FUE  |2 21 
100 0 |a Fuentes, Carlos  |e author  |9 376869 
245 1 0 |a Cambio de piel 
250 |a 3a. ed 
300 |a 142 p 
942 |c BK 
945 |d 20101021 00:00:00  |a mfarfan 
260 |a Buenos Aires  |b Sudamericana  |c 1967 
650 7 |a ESCRITORES MEXICANOS  |2 CL-VaPUC  |9 350646 
650 0 |a Literatura mexicana  |9 313097 
650 0 |a Novelas mexicanas  |9 317570 
583 |a last modification  |c 20101021 00:00:00  |k Rodrigo Vera 
490 0 |a Biblioteca Breve 
999 |c 343101  |d 343099 
952 |0 0  |1 0  |4 0  |6 ME_863_000000000000000_FUE_1967  |7 0  |8 A  |9 440083  |a BIBEDU  |b BIBEDU  |d 2019-11-22  |i 4728084  |o Me863 FUE 1967  |p 4728084  |r 2019-11-22  |w 2019-11-22  |y BK  |k LIT